[Event "Hoogovens"]
[Site "Wijk aan Zee"]
[Date "1998.02.01"]
[Round "13"]
[White "Van Wely, Loek"]
[Black "Piket, Jeroen"]
[Result "0-1"]
[WhiteElo "2605"]
[BlackElo "2575"]
[Annotator "Piket,L"]
[PlyCount "116"]
[EventDate "1998.01.16"]
[EventType "tourn"]
[EventRounds "13"]
[EventCountry "NED"]
[EventCategory "17"]
[SourceTitle "CBM 063"]
[Source "ChessBase"]
[SourceDate "1998.03.26"]
[SourceVersion "1"]
[SourceVersionDate "1998.03.26"]
[SourceQuality "1"]

1. d4 d5 2. c4 e6 3. Nc3 Nf6 4. Nf3 c5 5. cxd5 Nxd5 6. e3 Nc6 (6... cxd4 7.
exd4 Bb4 8. Bd2 O-O 9. Bd3 Nc6 10. O-O Be7 11. a3 Bf6 12. Be3 g6 13. Rc1 {
Gelfand-Van Wely Wijk aan Zee'98 [10]}) 7. Bc4 cxd4 8. exd4 Be7 9. O-O O-O 10.
Re1 Nxc3 11. bxc3 b6 12. Bd3 Bb7 13. Qc2 g6 14. Bh6 Re8 15. Qd2 Rc8 16. h4 (16.
Rad1 {-38/543}) (16. Qf4 Bd6 17. Qg4 Ne7 18. Rxe6 (18. Rac1 Nf5) 18... Rxc3 (
18... Bxf3 19. gxf3 (19. Qxf3 fxe6 20. Qf6 Nf5 $19) 19... Rxc3 20. Bb5 Rf8 21.
Re3 $1 (21. Bxf8 fxe6)) 19. Bb5 Bc8 $1) 16... Na5 17. Ng5 (17. Ne5 Bxh4 18. Qf4
Qf6) 17... Bxg5 $5 $146 18. Bxg5 (18. hxg5 $2 e5 $1) 18... f6 19. Bf4 (19. Bh6
Qd5 20. f3 Qh5) 19... Qd7 (19... Qd5 20. f3 Qd7 (20... Nc4 21. Qf2 e5 22. Be4
Qf7 23. dxe5 Nxe5 24. Bxb7 Qxb7 25. Bxe5 Rxe5 26. Rxe5 fxe5 27. Qe3 $14 (27.
Rd1 $5)) 21. Rac1 Bd5 22. Qf2 Kh8 $13) 20. Rac1 Bd5 21. Bb1 Nc4 22. Qd1 $8 (22.
Qd3 Na3) (22. Qe2 e5) 22... Rcd8 (22... b5 23. Qg4 Kh8 24. Qg3 Rc6 (24... Rcd8
{-22...Rcd8})) (22... Qf7 $5) 23. Qd3 b5 (23... Na3 $2 24. c4) 24. Qg3 Kh8 25.
Bd3 a6 26. Re2 Nd6 27. Rce1 Nf5 $5 (27... Nf7 $1 28. Bxg6 $6 hxg6 (28... Rg8
29. h5 $40) 29. Qxg6 Rg8 30. Qxf6+ (30. Qh5+ Kg7) 30... Kh7 31. Re5 Rxg2+ 32.
Kf1 Nxe5 33. Rxe5 Rg7 $1) (27... Rg8 $5) 28. Qh3 Ng7 29. g4 Rc8 30. Bb1 Rc4 $6
(30... Qf7 $5) 31. h5 $1 g5 (31... gxh5 32. Qd3 $1) 32. Bd2 (32. Qd3 $2 Nxh5)
32... Rf8 33. a3 (33. h6 Ne8 34. Be4 $5 $36 Nc7 35. Qd3) (33. Qd3 Ne8 34. Rxe6
Bxe6 35. Rxe6 Nc7 $44) 33... Ne8 34. f4 $6 (34. h6 $5 Nd6 35. Ba2 (35. f4 gxf4
36. Bxf4 e5) 35... Rxd4 36. cxd4 Bxa2) (34. Ba2 Rc6) (34. Be4) 34... gxf4 35.
Bxf4 e5 $1 $17 36. Bg3 (36. Kh2 exf4 37. Re7 Qc6 38. Rxh7+ Kg8 39. Qd3 f5 $1 {
Van Wely}) (36. Bf5 Be6 $1 (36... Qc6 37. Bd2 Nd6 38. Bd3 (38. dxe5 Nxf5 39.
gxf5 Rg8+ 40. Kh2 Rcg4) 38... Bf3 39. Bxc4 Nxc4 $44 40. Rf2 Bxg4 (40... e4))
37. Bxe6 Qxe6 38. Bxe5 fxe5 39. Rxe5 Qc8) 36... Be6 $1 (36... Rxc3 37. dxe5)
37. Re4 (37. Qh4 Rxc3 $8 (37... Bxg4 38. Rxe5 $1) (37... Rg8 38. Rxe5 $1) 38.
Rxe5 (38. dxe5 Rg8 (38... f5)) 38... Rxg3+ 39. Qxg3 fxe5 40. Qxe5+ Ng7 41. h6
Bxg4 $17) 37... Rxc3 38. dxe5 f5 39. Rf4 Rg8 40. Qg2 $6 (40. h6 $5 Rxg4 41.
Rxg4 fxg4 42. Qh4 Rxa3 43. Rf1 Rf3) 40... Rxg4 (40... Ng7 $1 41. h6 (41. Rf3
Bd5 42. e6 Qa7+ 43. Bf2 Bxf3 (43... Qb7 $1) 44. Bxa7 Bxg2 45. Bd4 Rg3 46. h6 (
46. Kf2 Rxg4) 46... Rxg4 47. hxg7+ R8xg7 48. Bxg7+ (48. e7 Bc6+ 49. Kf1 Rxd4)
48... Kxg7 49. Bxf5 $44 (49. e7 Be4+)) 41... Nh5 $1) 41. Rxg4 fxg4 42. Rf1 Kg8
43. Kh2 (43. h6 Qd4+ 44. Kh2 Qe3 $17) 43... Ng7 44. h6 Nh5 45. Qa8+ Rc8 46.
Qxa6 (46. Qe4 Qd2+ 47. Kg1 Qxh6) 46... Nxg3 (46... Qd2+ 47. Kg1 Qe3+ (47...
Qxh6 48. Ba2 $1) 48. Bf2 Qxh6 (48... Qxe5 49. Re1) 49. Ba2 $1) 47. Kxg3 Rc3+
48. Kh4 (48. Kg2 Qd2+ 49. Rf2 Bd5+) 48... Rh3+ 49. Kg5 Qe8 $1 $19 (49... Qd2+
$2 50. Rf4 Qd8+ 51. Rf6 Qd2+ 52. Rf4 $11) 50. Rf6 (50. Bxh7+ Kxh7 51. Qb7+ Bd7
52. Qe4+ Kh8 53. Qg6 Qxg6+ 54. Kxg6 Rf3) (50. Qd6 Qh5+ 51. Kf6 Qf7+ 52. Kg5
Rh5#) 50... Qh5+ 51. Kf4 Rf3+ 52. Ke4 Rxf6 53. exf6 Qf5+ 54. Ke3 Qf3+ 55. Kd2
Qf4+ 56. Kc2 (56. Kd1 Bb3+ 57. Ke2 (57. Bc2 Qf1+ 58. Kd2 Qf2+) 57... Bc4+ 58.
Kd1 Qf1+ 59. Kd2 (59. Kc2 Bd3+ 60. Kc3 b4+) 59... Qxb1 60. Qc8+ Kf7 61. Qd7+
Kxf6 62. Qg7+ Ke6 $19) 56... Bf5+ 57. Kb2 Qe5+ 58. Kc1 (58. Kb3 Bxb1 59. Qc8+
Kf7 60. Qd7+ Kxf6 61. Qg7+ Ke6 (61... Kf5 62. Qxh7+ Kg5 63. Qxb1 Kxh6) 62. Qg8+
Kd6 63. Qb8+ Kd5 64. Qxb5+ Ke4 65. Qe2+ Kf4 66. Qf1+ Kg5 67. Qxb1 Qb5+ 68. Ka2
Qxb1+ 69. Kxb1 g3 $19) 58... Qe1+ 0-1

[Event "FRA-ch 55th"]
[Site "Puteaux"]
[Date "1980.08.21"]
[Round "2"]
[White "Seret, Jean Luc"]
[Black "Preissmann, Emmanuel"]
[Result "1/2-1/2"]
[WhiteElo "2340"]
[BlackElo "2340"]
[Annotator "Primel,D"]
[PlyCount "29"]
[EventDate "1980.08.20"]
[EventType "swiss"]
[EventRounds "11"]
[EventCountry "FRA"]
[SourceTitle "EXT 2014"]
[Source "ChessBase"]
[SourceDate "2013.11.20"]
[SourceVersion "1"]
[SourceVersionDate "2013.11.20"]
[SourceQuality "1"]

1. d4 Nf6 2. Nf3 d5 3. c4 e6 4. Nc3 c5 5. cxd5 Nxd5 6. e3 (6. e4) 6... Nc6 7.
Bc4 cxd4 8. exd4 Be7 9. O-O O-O 10. Qe2 {[%cal Gf1d1,Gd1d4]} (10. Re1) 10...
Bf6 11. Rd1 b6 12. Bxd5 $5 $146 (12. Ne4 Be7 13. a3 Na5 14. Ba2 Bd7 15. Qd3 Rc8
16. Bg5 h6 17. Bxe7 Qxe7 18. Re1 Nf4 19. Qd2 Ng6 20. Ne5 Nxe5 21. dxe5 Rfd8 22.
Qf4 Bc6 23. Nf6+ Kf8 24. b4 Nb7 25. Re3 Rd2 26. Rg3 Qd8 27. Qg4 Ke7 28. h3 g5
29. b5 Bxb5 30. Qb4+ Rc5 31. Bb3 Rd4 32. Qe1 Na5 33. Kh2 Bd3 34. Bd1 Nc4 35.
Ng4 h5 36. Nf6 Rxe5 37. Qb4+ Kxf6 38. Bxh5 Bf5 39. Rf3 Nd2 {0-1 (39) Begovac,F
(2375)-Djuric,S (2440) Sombor 1980}) 12... exd5 13. Qb5 Ne7 14. Bg5 Bxg5 15.
Nxg5 1/2-1/2

[Event "ISR-chT"]
[Site "Israel"]
[Date "2003.03.15"]
[Round "6.1"]
[White "Psakhis, Lev"]
[Black "Har Zvi, Ronen"]
[Result "1-0"]
[WhiteElo "2582"]
[BlackElo "2508"]
[Annotator "Psakhis,L"]
[PlyCount "51"]
[EventDate "2003.01.??"]
[EventType "team"]
[EventRounds "11"]
[EventCountry "ISR"]
[SourceTitle "CBM 094"]
[Source "ChessBase"]
[SourceDate "2003.05.26"]
[SourceVersion "1"]
[SourceVersionDate "2003.05.26"]
[SourceQuality "1"]

1. c4 c5 2. Nf3 Nc6 3. Nc3 Nf6 4. g3 d5 5. d4 e6 6. cxd5 Nxd5 7. Bg2 Be7 8. O-O
O-O 9. Nxd5 exd5 10. dxc5 Bxc5 11. Bg5 $5 f6 12. Bd2 {This line was very
popular 10-15 years ago} (12. Rc1 Bb6 13. Bd2 Be6 14. Ne1 Qd7 15. Nd3 Bh3 16.
a4 Bxg2 17. Kxg2 Rfe8 $11 {0-1 Psakhis,L-Agzamov,G/USSR-ch Riga 1985 (40)})
12... Re8 $5 (12... Be6 13. e3 Qd7 14. Bc3 Rad8 15. Bd4 Bd6 16. Rc1 Rfe8 17.
Qb3 Na5 18. Qc3 $14 {1-0 Korchnoi,V-Sturua,Z/Basel Hilton op 2001/ (67)}) (
12... Bf5 13. b4 Bb6 14. b5 Ne7 15. Bb4 Be4 16. Bh3 Kh8 17. Nd4 Re8 18. a4 $36
{1-0 Anand,V-Timman,J/Prague Eurotel Trophy 2002/CBM 89 (22)}) 13. e3 {[%csl
Gd4][%cal Gd2c3] White started fight for important d4 square, but ,
unfortunately , Black has good counter play.} (13. Rc1 Bb6 14. b4 a6 15. e3 Kh8
16. Bc3 Be6 17. Nd4 Bxd4 18. Bxd4 Nxb4 19. Rb1 Qe7 20. Qb3 a5 21. a3 Nc6 22.
Qxb7 Nxd4 23. exd4 Qxa3 24. Bxd5 Bxd5 25. Qxd5 Red8 26. Qc5 {1/2-1/2 Eingorn,
V-Horvath,G/AUT t-ch2 9900 2000/Vaiser (26)}) 13... Bf5 14. Bc3 Qd7 $146 {
[%cal Ga8d8] Strange ( I don't mean bad! ) move.Black is very close to
equalization after simple} (14... Be4 $142 {for example} 15. Nd4 $140 Bxd4 16.
Bxd4 Bxg2 17. Kxg2 Qe7 $11 {[%csl Gc6] 1/2-1/2 Uhlmann,W-Tukmakov,V/Leipzig
1975 (18)}) 15. Qb3 Rad8 16. Rfd1 Bb6 $6 ({Again, I don;t see too many
achievments for White after} 16... Be4 17. Rac1 Bb6 $13) 17. a4 $1 {Open
second front on the queen side.} Be4 {Finally!} 18. a5 Bc5 19. Qb5 $1 Bf8 (
19... Ne5 20. Qxd7 Nxf3+ 21. Bxf3 Rxd7 22. Kg2 $14) 20. a6 $1 {It is became
clear, that initiative belongs to White.} b6 (20... bxa6 21. Rxa6 Nb4 22. Qxd7
Rxd7 23. Bxb4 $5 Bxb4 24. Nd4 $14) 21. Rd2 $5 {[%cal Ga1d1,Gb5a4,Ga4d1]} Bc5
22. Qa4 $5 {[%cal Gb2b4]} Rb8 $2 {[%mdl 8192] Bad mistake, But Ronen, just
missed next white's move - to be honest I found it just after 20 minutes of
hard calculations. I have strong suspicion, that 20 years ago I would need
much less time to found it!} (22... Qe6 $5 23. Re1 $14 {[%csl Ge3]} (23. b4 b5
$1 (23... Bxe3 24. fxe3 Bxf3 25. Bxf3 Qxe3+ 26. Kg2 Qxc3 27. Rc2 Qxb4 28. Qxc6
$16) 24. Qxb5 Bxe3 $1 $13 (24... Bxb4 25. Bxb4 Rb8 26. Qc5 Nxb4 $13))) 23. Ne5
$1 {[%mdl 64] It is not too difficult move, but any case I was happy to put
knight under 3 blows! Now game is practically over.} Nxe5 (23... fxe5 24. Bxe4
Bd4 $8 25. Bg2 $1 $18) (23... Rxe5 $5 24. Bxe4 $5 (24. Bxe5 Bxg2 25. Bxb8 Qh3 (
25... Bf3 26. Qf4) (25... Bh3 26. Bxa7 Nxa7 27. Qxd7 Bxd7 28. Rxd5 $18) 26.
Qxc6 Bf3 27. Qxd5+ $8 Bxd5 28. Rxd5 Qc8 29. Bxa7 Qc7 $140 30. Rxc5 bxc5 31.
Bxc5 $18) 24... b5 25. Qc2 $5 Nb4 (25... Rh5 26. Qd1 $1 $18) 26. Bxh7+ Kh8 27.
Qb1 $18) 24. Bxe4 Qe7 (24... Qxa4 25. Bxd5+ Kf8 26. Rxa4 $18) (24... b5 25. Qb3
) 25. Bxd5+ Kh8 26. Qb5 $1 {[%cal Gb2b4]} (26. b4 b5 $1 {[%cal Gc5b6]}) (26.
Qb5 Ng4 27. Re1 $18 {[%cal Gb2b4]}) 1-0

[Event "Sigurd Svedenborg Memorial"]
[Site "Narvik"]
[Date "1979.08.29"]
[Round "5"]
[White "Pytel, Krzysztof"]
[Black "Binham, Timothy F"]
[Result "1/2-1/2"]
[WhiteElo "2435"]
[BlackElo "2345"]
[Annotator "Pytel,K"]
[PlyCount "53"]
[EventDate "1979.08.??"]
[EventType "swiss"]
[EventRounds "9"]
[EventCountry "NOR"]
[SourceTitle "EXT 2002"]
[Source "ChessBase"]
[SourceDate "2001.11.25"]
[SourceVersion "1"]
[SourceVersionDate "2001.11.25"]
[SourceQuality "1"]

1. c4 c5 2. Nf3 Nf6 3. Nc3 e6 4. g3 d5 5. cxd5 Nxd5 6. Bg2 Nc6 7. O-O Be7 8.
Nxd5 ({En annen mulighet var} 8. d4 O-O 9. e4 {, men etter} Ndb4 $1 10. d5 (10.
a3 cxd4 $1) 10... exd5 11. exd5 Nd4 {er det ingen fare for sort. Vennligst
studer partiene Kortschnoj-Portisch (Wijk an Zee 1978) og Schmidt-Portisch 
(Buenos Aires 1978).}) 8... exd5 9. d4 O-O 10. dxc5 ({I Intersone-turneringen
i Petropolis 1973 var Portisch godt fornøyd med sin stilling mot Keres etter} 
10. Be3 Bf6 ({dog kan sort spille sterkere} 10... c4 {og står
tilfredsstillende. Hvis nå} 11. Ne5 ({Kanskje må hvit spille} 11. b3 {.
Kanskje?!}) {så har sort det sterke trekk (min kones trekk!)} 11... Nxe5 {
med ideen f7-f6 og b7-b5.}) 11. dxc5) 10... Bxc5 ({Hva nå?! Uhlmann har en
forkjærlighet for trekket} 10... Bxc5 11. b3 {Hans parti mot Velimirovic 
(Urbas 1977) fortsatte} ({Flere ganger spiltes} 11. Bg5 f6 12. Rc1 $1 Bb6 (
12... Bxf2+ $2 13. Rxf2 fxg5 14. Nxg5 $3) 13. Bd2 {fulgt av Nf3-e1-d3, men jeg
håper dette snarere er godt for sort!}) ({Portisch fikk et visst overtak mot
Pritchett (Buenos Aires 1978) etter} 11. a3 a5 12. Ne1 d4 13. Nd3 Be7) 11...
Qf6 (11... Bf5 12. Bb2 Be4 13. Qd2 {med litt bedre spill for hvit}) 12. Bg5 Qe6
13. Rc1 Bb6 14. Rc2 $1 a5 $1 15. Bc1 $1 h6 16. Bb2 (16. Rd2 $5) 16... a4 17.
Nd4 Qg6 $1 18. Nxc6 bxc6 19. Rxc6 $1 {med litt bedre spill for hvit.}) 11. Qc2
$5 {Den nye ide - direkte angrep mot bonden på d5?! Kanskje ikke den aller
beste ide, men hva er egentlig best i sjakk!?} ({I partiet Tomanewski-Pytel 
(Polske mesterskap 1979) spiltes} 11. Ne1 d4 12. Nd3 Bb6 13. b4 Re8 14. Bb2 Bf5
15. Re1 Qd7 16. Rc1 Be4 17. Bxe4 Rxe4 18. a4 a6 19. Ba3 Rae8 20. Rc2 Ne5 21.
Nxe5 R4xe5 22. a5 Rh5 $1 23. axb6 Qh3 24. e3 (24. e4 Qxh2+ 25. Kf1 d3 $3) 24...
Qxh2+ 25. Kf1 dxe3 $3 {0-1}) 11... Bb6 12. Rd1 h6 ({Hvis} 12... Re8 13. Ng5)
13. Bd2 $5 ({Bedre var kanskje} 13. Bf4 {, men hva etter} Re8 $5 (13... Bg4 14.
Ne5 $1)) 13... Qf6 $1 14. a4 $5 Bg4 ({Etter} 14... Bf5 15. Qb3 Nd4 16. Nxd4
Bxd4 17. e3 Bxb2 18. Ra2 Be5 19. f4 ({derimot er} 19. Qxb7 {godt for hvit})
19... Bd6 20. Bc3 Qe7 {står sort bedre.}) 15. Bc3 $1 d4 16. Be1 Rac8 17. Qb3 {
Hvit har nå en liten fordel.} Rfe8 $1 18. a5 Bc5 19. h3 $5 Be6 20. Qb5 ({
Meget dårlig for hvit er} 20. Qxb7 Bc4 $1) 20... Qe7 $1 ({Det beste. Etter} 
20... b6 21. b4 a6 22. Qxa6 {står hvit bedre.}) 21. Rac1 b6 22. axb6 axb6 ({
Og nå?! På} 22... axb6 23. Qd3 Bd5 $1 {med sort fordel.}) 23. b4 $5 Nxb4 24.
Bxb4 Bxb4 25. Rxc8 Bxc8 $1 ({Etter} 25... Rxc8 26. Qxb6 Bc5 27. Qb2 {gir
angrepet mot d-bonden hvit fordel.}) 26. Nxd4 $5 {Akkurat - avslutning på
ideen fra 11.trekk!} Bc5 27. e3 {Og avslutning på partiet!} 1/2-1/2

[Event "ESP-chT CECLUB Honor"]
[Site "Melilla"]
[Date "2011.11.24"]
[Round "5"]
[White "Van Wely, Loek"]
[Black "Illescas Cordoba, Miguel"]
[Result "1/2-1/2"]
[WhiteElo "2686"]
[BlackElo "2609"]
[Annotator "RR"]
[PlyCount "120"]
[EventDate "2011.11.21"]
[EventType "team-tourn"]
[EventRounds "7"]
[EventCountry "ESP"]
[SourceTitle "CBM 146"]
[Source "ChessBase"]
[SourceDate "2012.01.18"]
[SourceVersion "1"]
[SourceVersionDate "2012.01.18"]
[SourceQuality "1"]
[WhiteTeam "Taldea Gros Xake"]
[BlackTeam "Cajacanarias"]
[WhiteTeamCountry "ESP"]
[BlackTeamCountry "ESP"]

1. d4 Nf6 2. c4 e6 3. Nf3 d5 4. Nc3 c5 5. cxd5 Nxd5 6. e4 Nxc3 7. bxc3 cxd4 8.
cxd4 Bb4+ 9. Bd2 Bxd2+ 10. Qxd2 O-O 11. Bc4 Nd7 12. O-O b6 13. Rfe1 Bb7 14.
Rad1 Rc8 15. Bd3 Re8 16. h3 Nf8 17. h4 Re7 18. h5 h6 19. Qf4 Qc7 20. Qh4 Rd7
21. Bb5 Rdd8 22. Ne5 Nh7 23. Bc4 Nf6 24. Bb3 Kf8 25. Rd3 Qe7 26. Nf3 Qb4 27.
Rde3 Re8 28. a3 Qa5 29. d5 exd5 30. e5 Ne4 31. Qf4 Kg8 32. Nd4 Ng5 33. Nf5 Rcd8
$2 (33... Rc6 34. Kh2 Qc5 $14) 34. Rc1 $2 (34. Nxg7 Ne6 35. Qxh6 $18) 34...
Qxa3 $2 (34... d4 35. Nxh6+ gxh6 $11) 35. Rc7 $18 Bc8 36. Nxg7 $1 (36. Nd6 $2)
36... Kxg7 37. Qf6+ Kg8 38. Qxh6 Rxe5 39. f4 $2 (39. Rg3 Bg4 40. Rxg4 $18)
39... Nh3+ 40. gxh3 Qa1+ 41. Kh2 Rxe3 42. Qg5+ Qg7 43. Qxd8+ Kh7 44. Bc2+ Kh6
45. Qg5+ Qxg5 46. fxg5+ Kxh5 47. Rxc8 Kxg5 48. Rg8+ Kh6 49. Bf5 a5 50. Rd8 a4
51. Rd6+ Kg5 52. Bd7 a3 53. Rxb6 d4 54. Rb5+ Kf6 55. Ra5 Rc3 56. Kg2 d3 57. Bg4
a2 58. Kg3 d2+ 59. Kf2 Rc1 60. Rxa2 Ke5 $2 (60... d1=Q 61. Bxd1 Rxd1 $11)
1/2-1/2

[Event "Sautron op 14th"]
[Site "Sautron"]
[Date "2014.10.26"]
[Round "2"]
[White "Stephan, Victor"]
[Black "Barbot, Pierre"]
[Result "0-1"]
[WhiteElo "2331"]
[BlackElo "2440"]
[Annotator "RR"]
[PlyCount "72"]
[EventDate "2014.10.26"]
[EventType "swiss"]
[EventRounds "9"]
[EventCountry "FRA"]
[SourceTitle "EXT 2015"]
[Source "ChessBase"]
[SourceDate "2014.11.20"]
[SourceVersion "1"]
[SourceVersionDate "2014.11.20"]
[SourceQuality "1"]
[TimeControl "40/5400+30:1800+30"]

1. d4 {[%emt 0:00:00]} Nf6 {[%emt 0:00:00]} 2. c4 {[%emt 0:00:00]} e6 {[%emt 0:
00:00]} 3. Nc3 {[%emt 0:01:00]} d5 {[%emt 0:00:58]} 4. cxd5 {[%emt 0:01:08]}
Nxd5 {[%emt 0:00:06] La semi-Tarrasch est devenue assez populaire à haut
niveau depuis quelques années mais son utilisation par Pierre a du surprendre
son adversaire} 5. e4 {[%emt 0:01:16]} Nxc3 {[%emt 0:00:04]} 6. bxc3 {[%emt 0:
00:07]} c5 {[%emt 0:00:02]} 7. Nf3 {[%emt 0:00:40]} (7. a3 $5 {Wojtaszek,R 
(2733)-Roiz,M (2618) EU-Cup 28th Eilat 2012 (4.1) 1/2}) 7... cxd4 {[%emt 0:00:
03]} 8. cxd4 {[%emt 0:00:09]} Bb4+ {[%emt 0:00:05]} 9. Bd2 {[%emt 0:00:09]}
Bxd2+ {[%emt 0:00:04]} 10. Qxd2 {[%emt 0:00:11]} O-O {[%emt 0:00:03]} 11. Bc4 {
[%emt 0:02:54]} b6 {[%emt 0:00:48]} 12. O-O {[%emt 0:01:22]} Bb7 {[%emt 0:00:
04]} 13. Rfe1 {[%emt 0:09:34]} Nc6 {[%emt 0:02:29]} (13... Nd7 14. Rad1 Rc8 15.
Bd3 h6 16. Qf4 Qc7 $5 $146) 14. Rad1 {[%emt 0:02:35]} Rc8 {[%emt 0:01:37]} 15.
Qe3 $6 $146 {[%emt 0:07:01][%csl Re3] Les Blancs commencent à réfléchir et
ils ne connaissaient pas la fameuse partie classique de Polou} (15. h3 h6 16.
Qf4 Na5 17. Bd3 Nc4 18. Rc1 Qd6 19. Qxd6 Nxd6 20. Nd2 Rc6 21. f3 Rfc8 22. Rxc6
Rxc6 23. Rd1 Rc3 24. Nb1 Rc7 25. Nd2 Bc8 26. Kf2 Bd7 27. Rb1 Kf8 28. Ke2 Ke7
29. g4 f6 30. h4 e5 31. d5 b5 32. a3 a6 33. h5 Nb7 34. Nb3 Kd6 35. Kd2 Rc8 36.
Be2 Kc7 37. Nc1 Nd6 38. Na2 a5 39. Nc3 Rb8 40. Rc1 Kd8 41. Rb1 Rb7 42. Bd3 Kc7
43. Kc1 Kb8 44. Rb3 Ka7 {Radjabov,T (2744)-Ivanchuk,V (2776) Medias 2011 1/2-1/
2}) (15. d5 $142 {La ligne critique} Na5 16. Bd3 exd5 17. e5 Nc4 18. Qf4 Nb2
19. Bxh7+ Kxh7 20. Ng5+ $40 {Polugaevsky,L-Tal,M URS-ch37 Moscow 1969 (2) 1-0})
15... Na5 {[%emt 0:08:16]} 16. Bd3 {[%emt 0:03:04]} Nc4 {[%emt 0:01:06][%cal
Gc4e3] Gagnant un tempo décisif sur la Q Blanche et la partie a déjà
basculé à l'avantage Noir} 17. Qe2 {[%emt 0:04:02]} Nd6 {[%emt 0:01:52]} 18.
h4 {[%emt 0:10:51]} (18. d5 {La poussée thématique mais qui conduisait à
d'énormes complications.} exd5 19. e5 Re8 20. Nd4 (20. h4) 20... Qg5 21. exd6
$3 Rxe2 22. Rxe2 g6 23. d7 Rd8 24. Re8+ Kg7 25. Nf3 Qf6 26. Ne5 Qg5 27. h4 $1
Qxh4 28. Rc1 $40 {[%cal Gc1c7]}) 18... h6 {[%emt 0:06:10]} 19. h5 {[%emt 0:04:
15][%csl Rg7] Fait pression sur l'aile-roi mais la Q Blanche est privée de
cette case importante "h5"} Qf6 $1 {[%emt 0:06:12]} 20. Qe3 {[%emt 0:05:01]} (
20. e5 Bxf3) 20... Nc4 $1 {[%emt 0:00:52] Le facteur sonne toujours deux fois}
21. Bxc4 {[%emt 0:04:14]} Rxc4 {[%emt 0:00:05]} 22. Ne5 {[%emt 0:00:06]} Rc7 {
[%emt 0:00:54]} 23. Ng4 {[%emt 0:03:40]} Qg5 {[%emt 0:07:08]} 24. Qg3 {[%emt 0:
00:20]} Rc2 {[%emt 0:04:58]} 25. f4 {[%emt 0:00:48]} Qa5 {[%emt 0:01:25]} 26.
f5 {[%emt 0:01:54][%cal Gf5f6]} (26. Nxh6+ {Ce coup naturel ne donne rien} Kh7)
26... Kh8 {[%emt 0:03:44]} 27. Qd6 {[%emt 0:08:31]} (27. f6 Qg5 28. fxg7+ Qxg7
$17) 27... Rfc8 {[%emt 0:11:00]} 28. Ne5 {[%emt 0:04:56]} (28. d5 exd5 29. Ne3
Qc5 30. Qxc5 R2xc5 31. exd5 $13) 28... Qxa2 {[%emt 0:05:12]} 29. Nxf7+ {
[%emt 0:00:05]} Kg8 {[%emt 0:00:03]} 30. d5 {[%emt 0:06:04] Trop tard!} (30.
Nxh6+ gxh6 31. Qxe6+ Qxe6 32. fxe6 {[%csl Gd4,Ge4,Ge6]} R8c7 (32... Re8 33. d5
$44) 33. d5 Rg7) 30... Rxg2+ {[%emt 0:09:39]} 31. Kh1 {[%emt 0:00:04]} Kxf7 {
[%emt 0:00:24]} 32. Rg1 {[%emt 0:10:27]} Qe2 {[%emt 0:03:17]} 33. dxe6+ {
[%emt 0:02:05]} Kg8 {[%emt 0:00:43]} 34. Rxg2 {[%emt 0:02:57]} Bxe4 {[%emt 0:
01:31]} 35. Rdg1 {[%emt 0:01:44]} Qxh5+ {[%emt 0:00:14]} 36. Qh2 {[%emt 0:00:
02]} Bxg2+ {[%emt 0:00:13]} 0-1

[Event "Cappelle op 31st"]
[Site "Cappelle la Grande"]
[Date "2015.03.03"]
[Round "5"]
[White "Landa, Konstantin"]
[Black "Grover, Sahaj"]
[Result "1-0"]
[WhiteElo "2650"]
[BlackElo "2519"]
[Annotator "RR"]
[PlyCount "119"]
[EventDate "2015.02.28"]
[EventType "swiss"]
[EventRounds "9"]
[EventCountry "FRA"]
[SourceTitle "EXT 2016"]
[Source "ChessBase"]
[SourceDate "2015.10.08"]
[SourceVersion "1"]
[SourceVersionDate "2015.10.08"]
[SourceQuality "1"]

1. d4 Nf6 2. Nf3 e6 3. c4 d5 4. Nc3 c5 5. cxd5 cxd4 6. Qxd4 exd5 7. e4 $1 (7.
Bg5) 7... Nc6 8. Bb5 dxe4 9. Qxd8+ Kxd8 10. Ng5 Be6 11. O-O (11. Nxe6+ fxe6 12.
Bxc6 bxc6 13. Bg5 $14 {[%cal Gc3e4,Ge1c1]}) 11... Bb4 12. Ncxe4 Nxe4 13. Nxe4
Ke7 14. Be3 Rhd8 15. Ba4 Kf8 16. a3 Be7 17. Nc5 Bc8 18. Rfd1 Rxd1+ 19. Rxd1 Ne5
20. Bd4 (20. Nd7+ Nxd7 21. Bxd7 Bf6 22. Bc5+ Kg8 23. b4 Bxd7 24. Rxd7 b6 25.
Be3 Rd8 26. Rxd8+ Bxd8 27. Kf1 a6 28. a4 b5 29. axb5 axb5 {1/2-1/2 (29)
Matlakov,M (2693)-Ni,H (2704) China 2015}) 20... Nc6 21. Bxc6 bxc6 22. f3 Bxc5
$6 {Redonne non seulement la paire de B mais la prise sur échec va laisser
une petite avance de développement pour les Blancs} 23. Bxc5+ Ke8 24. Rc1 (24.
Kf2 a5) 24... Bd7 (24... Rb8 25. b4 $14) 25. b4 Kd8 26. Rd1 Kc8 27. Rd4 a5 28.
Rh4 axb4 29. Bxb4 $1 (29. axb4 $143 Ra1+ 30. Kf2 Ra2+ 31. Kg3) 29... Bf5 30.
Rh5 Bg6 31. Re5 Kb7 32. h4 Kb6 33. Bc5+ $1 Ka6 34. Kf2 Bc2 35. Bd4 g6 (35...
Rd8 36. Ke3) 36. Rc5 Ba4 37. h5 Rd8 38. Ke3 Rd5 39. h6 $1 {[%csl Rh7]} Rh5 {
L'affaiblissement de la structure va donner des petites chances aux Blancs} 40.
Rxh5 gxh5 41. Kf4 {[%csl Rh5][%cal Gf4g5,Gf3f4,Gf4f5]} Kb5 $2 (41... Bc2 42.
Kg5 Bg6 43. f4 {[%cal Gf4f5]} f5 $11 {[%cal Ga6b5,Gc6c5,Gb5a4] Le Bg6 est
passif mais il tient l'aile-roi} (43... Kb5 44. f5)) 42. Kg5 Kc4 43. Bb6 Kd5
44. Kf6 $1 {Le P doublé ne vaut pas grand-chose} (44. Kxh5 $143) 44... Bc2 45.
Kxf7 h4 {Fixe la faiblesse "g2" mais après Bf2, le P"h4" devra se sacrifier}
46. Kg7 Ke6 47. Bf2 h3 48. gxh3 Bd1 49. f4 Bb3 50. Bd4 (50. Kxh7 $143 Kf7 {
[%csl Rh7]}) 50... Bc2 51. Bc5 Bb3 52. Be3 Bc2 53. Bd4 Ke7 54. Be3 Ke6 55. Kf8
Ba4 56. Bd4 {Les Noirs sont proches du zugzwang} Bb5 (56... Kf5 57. Kg7) 57.
Kg7 Bd3 $22 58. a4 $1 Bc2 59. a5 Bd3 60. Bc5 1-0